|
|
|
|
| LEADER |
01224nam a2200289 u 4500 |
| 001 |
10055930 |
| 003 |
upatras |
| 005 |
20231102130531.0 |
| 008 |
051213s1996 us eng |
| 020 |
|
|
|a 081531177X
|
| 040 |
|
|
|a ΠΑΝΕΠΙΣΤΗΜΙΟ ΠΑΤΡΑΣ
|c ΠΑΝΕΠΙΣΤΗΜΙΟ ΠΑΤΡΑΣ
|
| 041 |
0 |
|
|a eng
|
| 082 |
0 |
4 |
|a 370.1
|
| 100 |
1 |
|
|a Chambliss, Joseph James,
|d 1929-
|4 edt
|9 48461
|
| 245 |
1 |
0 |
|a Philosophy of education
|b an encyclopedia
|c editor J. J. Chambliss
|
| 260 |
|
|
|a New York
|b Garland
|c 1996
|
| 300 |
|
|
|a xvi, 720 p.
|c 26 cm.
|
| 490 |
0 |
|
|a Garland reference library of the humanities
|v 1671
|
| 504 |
|
|
|a Includes bibliographical references and index
|
| 650 |
|
4 |
|a Εκπαίδευση
|x Φιλοσοφία
|9 329
|
| 650 |
|
4 |
|a Εκπαίδευση
|x Εγκυκλοπαίδειες και λεξικά
|9 47555
|
| 760 |
0 |
|
|a Garland reference library of the humanities
|g 1671
|
| 852 |
|
|
|a GR-PaULI
|b ΠΑΤΡΑ
|b ΠΤΔΕ
|k ΟΧΙΔ
|h R 370.1 CHA
|m 7878
|p 025000035441
|t 1
|
| 942 |
|
|
|2 ddc
|c BKN
|
| 952 |
|
|
|0 0
|1 0
|4 0
|6 R_370_100000000000000_CHA
|7 0
|9 51019
|a PTDE
|b PTDE
|d 2016-04-24
|i 7878
|l 0
|o R 370.1 CHA
|p 025000035441
|r 2016-04-24 00:00:00
|t 1
|w 2016-04-24
|y BKN
|
| 998 |
|
|
|c ΤΣΕΝΕ
|d 2005-12
|
| 999 |
|
|
|c 32404
|d 32404
|